000
00326nam a2200133Ia 4500
008
240624s9999 xx 000 0 und d
041
_a
eng
082
_a
891.46 SAV
100
_a
SAWANT SHIVAJI
245
_a
MRUTUNJAY MARATHI
260
_c
2017
_a
Pune
_b
Mehta Publishing House
300
_a
736 p.; 23 cm.
365
_c
RS
_b
25
999
_c
30385
_d
30385